[Event "MVP-ch Seniors op 17th"]
[White "Schnaitmann, Herbert"]
[Black "Hansch, Klaus Michael"]
[Site "Binz"]
[Round "9.31"]
[Result "1/2-1/2"]
[Date "2017.12.07"]
[WhiteElo "1964"]
[BlackElo "1887"]
[PlyCount "29"]
[EventDate "2017.11.29"]
[EventType "swiss"]
[EventRounds "9"]
[EventCountry "GER"]
[SourceTitle "EXT 2019"]
[Source "ChessBase"]
[SourceDate "2018.10.10"]
[SourceVersion "1"]
[SourceVersionDate "2018.10.10"]
[SourceQuality "1"]

1. d4 c5 2. e3 Nf6 3. Nf3 e6 4. Bd3 d5 5. b3 cxd4 6. exd4 Be7 7. 0-0 0-0 8. Bb2 b6 9. Nbd2 Ba6 10. c4 Nbd7 11. Re1 Rc8 12. Rc1 Bb7 13. a3 dxc4 14. bxc4 Bd6 15. Bb1 1/2-1/2

[Event "MVP-ch Seniors op 17th"]
[White "Peter, Volkhard"]
[Black "Schnaitmann, Herbert"]
[Site "Binz"]
[Round "4.42"]
[Result "1/2-1/2"]
[Date "2017.12.02"]
[WhiteElo "1801"]
[BlackElo "1964"]
[PlyCount "35"]
[EventDate "2017.11.29"]
[EventType "swiss"]
[EventRounds "9"]
[EventCountry "GER"]
[SourceTitle "EXT 2019"]
[Source "ChessBase"]
[SourceDate "2018.10.10"]
[SourceVersion "1"]
[SourceVersionDate "2018.10.10"]
[SourceQuality "1"]

1. e4 g6 2. d4 d6 3. Nc3 Bg7 4. Be3 Nf6 5. e5 Ng4 6. exd6 exd6 7. Nf3 0-0 8. Be2 Nxe3 9. fxe3 d5 10. 0-0 Bf5 11. Bd3 Bg4 12. Qd2 c6 13. h3 Be6 14. Rae1 Nd7 15. Ne2 f5 16. Nf4 Bf7 17. h4 h6 18. Qb4 1/2-1/2

[Event "MVP-ch Seniors op 16th"]
[White "Schnaitmann, Herbert"]
[Black "Hellwege, Werner"]
[Site "Binz"]
[Round "9.28"]
[Result "1/2-1/2"]
[Date "2016.12.01"]
[WhiteElo "1997"]
[BlackElo "1885"]
[PlyCount "128"]
[EventDate "2016.11.23"]
[EventType "swiss"]
[EventRounds "9"]
[EventCountry "GER"]
[SourceTitle "EXT 2018"]
[Source "ChessBase"]
[SourceDate "2017.10.13"]
[SourceVersion "1"]
[SourceVersionDate "2017.10.13"]
[SourceQuality "1"]

1. Nc3 c5 2. d3 Nc6 3. f4 d5 4. Nf3 g6 5. e4 d4 6. Ne2 Bg7 7. g3 e5 8. Bg2 Nge7 9. 0-0 0-0 10. a3 a5 11. Bd2 b6 12. Qc1 Rb8 13. fxe5 Nxe5 14. Nxe5 Bxe5 15. Bh6 Re8 16. Bg5 Qd7 17. Bf6 Bxf6 18. Rxf6 Kg7 19. Qf4 Ng8 20. Qxb8 Nxf6 21. Qxb6 Re5 22. Rf1 Qe7 23. Qxa5 Ng4 24. Qd2 Ne3 25. Rf2 Bb7 26. c3 Qd6 27. b4 Nxg2 28. bxc5 dxc3 29. Nxc3 Rxc5 30. Kxg2 Qd4 31. Nd1 Qd7 32. Qb2+ Kg8 33. Qf6 Rf5 34. Rxf5 gxf5 35. Nf2 fxe4 36. dxe4 Qa4 37. Qf4 Ba6 38. Qb8+ Kg7 39. Qb4 Qc2 40. Qd4+ Kg8 41. Qd8+ Kg7 42. Qg5+ Kf8 43. Qe3 Qc4 44. Kh3 Qe6+ 45. g4 Bf1+ 46. Kg3 Qe5+ 47. Qf4 Qc3+ 48. Kh4 Qxa3 49. g5 Be2 50. Nh3 Qe7 51. Qb8+ Qe8 52. Qxe8+ Kxe8 53. Nf4 Bf3 54. Nh5 Kf8 55. Nf6 Kg7 56. Kg3 Bd1 57. Kf4 Kg6 58. h4 h6 59. h5+ Bxh5 60. Nxh5 Kxh5 61. gxh6 Kxh6 62. Kf5 Kg7 63. e5 Kf8 64. Kf6 Ke8 1/2-1/2

[Event "MVP-ch Seniors op 16th"]
[White "Wiemer, Juergen"]
[Black "Schnaitmann, Herbert"]
[Site "Binz"]
[Round "6.14"]
[Result "1-0"]
[Date "2016.11.28"]
[WhiteElo "2055"]
[BlackElo "1997"]
[PlyCount "45"]
[EventDate "2016.11.23"]
[EventType "swiss"]
[EventRounds "9"]
[EventCountry "GER"]
[SourceTitle "EXT 2018"]
[Source "ChessBase"]
[SourceDate "2017.10.13"]
[SourceVersion "1"]
[SourceVersionDate "2017.10.13"]
[SourceQuality "1"]

1. e4 Nc6 2. d4 d5 3. e5 f6 4. f4 Bf5 5. Bb5 Qd7 6. Nf3 a6 7. Ba4 Be4 8. Be3 Nh6 9. Nbd2 b5 10. Bb3 f5 11. h3 e6 12. 0-0 Na5 13. Nh2 Nc4 14. Bxc4 bxc4 15. Nxe4 fxe4 16. g4 g6 17. Qd2 Nf7 18. b3 cxb3 19. axb3 h5 20. Kg2 Nh6 21. Qe2 a5 22. Qd2 Bb4 23. Qxb4 1-0

[Event "MVP-ch Seniors op 15th"]
[White "Schnaitmann, Herbert"]
[Black "Leisen, Peter"]
[Site "Binz"]
[Round "6.43"]
[Result "1-0"]
[Date "2015.11.29"]
[WhiteElo "1844"]
[BlackElo "1700"]
[PlyCount "79"]
[EventDate "2015.11.24"]
[EventType "swiss"]
[EventRounds "9"]
[EventCountry "GER"]
[SourceTitle "EXT 2017"]
[Source "ChessBase"]
[SourceDate "2016.10.25"]
[SourceVersion "1"]
[SourceVersionDate "2016.10.25"]
[SourceQuality "1"]

1. d4 Nf6 2. Nf3 e6 3. e3 c5 4. Bd3 Nc6 5. 0-0 d5 6. b3 cxd4 7. exd4 Bd6 8. Nbd2 0-0 9. Bb2 Nb4 10. Be2 Qc7 11. a3 Nc6 12. c4 Re8 13. Rc1 Qe7 14. c5 Bc7 15. Re1 Nd7 16. b4 a6 17. Bd3 Bf4 18. g3 Bh6 19. Rc2 Nf8 20. Nh4 Ng6 21. Nf5 Qf6 22. Nxh6+ gxh6 23. Nf3 Bd7 24. Ne5 Ncxe5 25. dxe5 Qg5 26. Bc1 Qe7 27. Bxh6 Ba4 28. Qg4 Bxc2 29. Bxc2 Kh8 30. Bg5 Qf8 31. Bf6+ Kg8 32. Qg5 Rac8 33. h4 Rc7 34. h5 Rec8 35. Kg2 b6 36. Rh1 bxc5 37. hxg6 fxg6 38. Bxg6 Rg7 39. Bxh7+ Kf7 40. Qh5+ 1-0

[Event "MVP-ch Seniors op 15th"]
[White "Weidlich, Guenter"]
[Black "Schnaitmann, Herbert"]
[Site "Binz"]
[Round "2.6"]
[Result "1/2-1/2"]
[Date "2015.11.25"]
[WhiteElo "2066"]
[BlackElo "1844"]
[PlyCount "62"]
[EventDate "2015.11.24"]
[EventType "swiss"]
[EventRounds "9"]
[EventCountry "GER"]
[SourceTitle "EXT 2017"]
[Source "ChessBase"]
[SourceDate "2016.10.25"]
[SourceVersion "1"]
[SourceVersionDate "2016.10.25"]
[SourceQuality "1"]

1. d4 g6 2. Nf3 Bg7 3. c4 d6 4. Nc3 Nc6 5. e3 e5 6. d5 Nce7 7. Be2 Nf6 8. 0-0 0-0 9. Nd2 c6 10. e4 Ne8 11. b4 a5 12. bxa5 Rxa5 13. Nb3 Ra8 14. Be3 c5 15. a4 f5 16. f3 f4 17. Bf2 g5 18. a5 Bd7 19. Na4 Nc8 20. Qd2 b6 21. Nxb6 Nxb6 22. axb6 Rxa1 23. Rxa1 Qxb6 24. Bd1 Nc7 25. Qa5 Qxa5 26. Rxa5 Ra8 27. Rxa8+ Nxa8 28. Kf1 Kf7 29. Ke2 Bf6 30. Nc1 Bd8 31. Be1 g4 1/2-1/2

[Event "Schleswig Holstein-ch Seniors op 9th"]
[White "Liphardt, Bodo"]
[Black "Schnaitmann, Herbert"]
[Site "Buesum"]
[Round "9"]
[Result "1/2-1/2"]
[Date "2015.10.07"]
[WhiteElo "1892"]
[BlackElo "1995"]
[PlyCount "26"]
[EventDate "2015.09.28"]
[EventType "swiss"]
[EventRounds "9"]
[EventCountry "GER"]
[SourceTitle "EXT 2018"]
[Source "ChessBase"]
[SourceDate "2017.10.13"]
[SourceVersion "1"]
[SourceVersionDate "2017.10.13"]
[SourceQuality "1"]

1. e4 d6 2. d4 g6 3. Nc3 Bg7 4. Bg5 c5 5. Bb5+ Bd7 6. Bxd7+ Nxd7 7. Nf3 Rc8 8. Ne2 cxd4 9. Nfxd4 Ngf6 10. Ng3 0-0 11. 0-0 a6 12. c3 Nc5 13. Re1 b5 1/2-1/2

[Event "Schleswig Holstein-ch Seniors op 9th"]
[White "Schnaitmann, Herbert"]
[Black "Weyrauch, Erich"]
[Site "Buesum"]
[Round "6"]
[Result "0-1"]
[Date "2015.10.04"]
[WhiteElo "1995"]
[BlackElo "2153"]
[PlyCount "62"]
[EventDate "2015.09.28"]
[EventType "swiss"]
[EventRounds "9"]
[EventCountry "GER"]
[SourceTitle "EXT 2018"]
[Source "ChessBase"]
[SourceDate "2017.10.13"]
[SourceVersion "1"]
[SourceVersionDate "2017.10.13"]
[SourceQuality "1"]

1. Nc3 c5 2. d3 d6 3. g3 Nc6 4. Bg2 Nf6 5. f4 g6 6. Nf3 Bg7 7. e4 Bg4 8. h3 Bxf3 9. Bxf3 Nd4 10. 0-0 e6 11. Kh2 Qc7 12. a4 a6 13. Bg2 0-0 14. Ne2 Rac8 15. c3 Nc6 16. Rb1 b5 17. Be3 Nd7 18. d4 Ne7 19. axb5 axb5 20. Qb3 Rb8 21. Ra1 b4 22. c4 cxd4 23. Nxd4 Nc5 24. Qc2 b3 25. Qd2 Rfd8 26. Ra3 Qb7 27. Qd1 Qb4 28. Qe2 d5 29. exd5 exd5 30. Rc1 dxc4 31. Rxc4 Qxa3 0-1

[Event "Schleswig Holstein-ch Seniors op 9th"]
[White "Nyberg, Ulf"]
[Black "Schnaitmann, Herbert"]
[Site "Buesum"]
[Round "3"]
[Result "1-0"]
[Date "2015.09.30"]
[WhiteElo "2151"]
[BlackElo "1995"]
[PlyCount "65"]
[EventDate "2015.09.28"]
[EventType "swiss"]
[EventRounds "9"]
[EventCountry "GER"]
[SourceTitle "EXT 2018"]
[Source "ChessBase"]
[SourceDate "2017.10.13"]
[SourceVersion "1"]
[SourceVersionDate "2017.10.13"]
[SourceQuality "1"]

1. d4 g6 2. c4 Bg7 3. Nc3 d6 4. Nf3 Nd7 5. e4 c5 6. Be2 cxd4 7. Nxd4 Ngf6 8. 0-0 0-0 9. Be3 a6 10. f4 Qc7 11. Rc1 e6 12. Qd2 Rd8 13. Rfd1 Nc5 14. Bf3 Bd7 15. Nb3 Bc6 16. Nxc5 dxc5 17. Qf2 b6 18. e5 Nd7 19. Ne4 Bxe4 20. Bxe4 Rab8 21. Rd6 f6 22. Rc6 Qa7 23. exf6 Nxf6 24. Bf3 Qe7 25. h3 e5 26. fxe5 Qxe5 27. Re1 Qf5 28. Bd2 Nd7 29. Bd5+ Kf8 30. Qxf5+ gxf5 31. Rf1 Bxb2 32. Bh6+ Ke8 33. Re6+ 1-0

[Event "Schleswig Holstein-ch Seniors op 9th"]
[White "Schnaitmann, Herbert"]
[Black "Bachmann, Friedrich"]
[Site "Buesum"]
[Round "1"]
[Result "1/2-1/2"]
[Date "2015.09.28"]
[WhiteElo "1995"]
[BlackElo "1675"]
[PlyCount "118"]
[EventDate "2015.09.28"]
[EventType "swiss"]
[EventRounds "9"]
[EventCountry "GER"]
[SourceTitle "EXT 2018"]
[Source "ChessBase"]
[SourceDate "2017.10.13"]
[SourceVersion "1"]
[SourceVersionDate "2017.10.13"]
[SourceQuality "1"]

1. Nc3 e5 2. Nf3 Nc6 3. d4 Nxd4 4. Nxd4 exd4 5. Qxd4 Nf6 6. e4 c5 7. Qd3 d6 8. Bg5 Be7 9. 0-0-0 h6 10. Bh4 Ng4 11. Bxe7 Qxe7 12. Rd2 Be6 13. f3 Ne5 14. Qxd6 Qxd6 15. Rxd6 Ke7 16. Rd1 Rhd8 17. b3 Rxd1+ 18. Nxd1 Rd8 19. f4 Nc6 20. c3 g6 21. Ne3 f6 22. Be2 a6 23. Kc2 b5 24. Bf3 b4 25. e5 Nb8 26. exf6+ Kxf6 27. c4 h5 28. Re1 a5 29. g3 Rd6 30. a3 Nc6 31. Bxc6 Rxc6 32. axb4 cxb4 33. Ra1 Rc5 34. Kd3 Ke7 35. Kd4 Kd6 36. Nc2 Bf5 37. Ne1 Kc6 38. Nd3 Bxd3 39. Kxd3 g5 40. Rf1 Rf5 41. Ke4 Rf8 42. Ra1 gxf4 43. gxf4 Re8+ 44. Kf3 Kb6 45. h4 Rd8 46. Re1 Rd3+ 47. Re3 Rd6 48. Ke2 Rf6 49. Rf3 Kc5 50. Kd3 a4 51. bxa4 Rd6+ 52. Kc2 Kxc4 53. f5 Rf6 54. Rf4+ Kd5 55. Rxb4 Ke5 56. Rb3 Ra6 57. Rf3 Ke4 58. Rf1 Rxa4 59. f6 Ra8 1/2-1/2

[Event "Hessen-ch Seniors op 11th"]
[White "Kierzek, Mira"]
[Black "Schnaitmann, Herbert"]
[Site "Bad Sooden-Allendorf"]
[Round "9"]
[Result "1-0"]
[Date "2015.05.17"]
[WhiteElo "2073"]
[BlackElo "1995"]
[PlyCount "63"]
[EventDate "2015.05.09"]
[EventType "swiss"]
[EventRounds "9"]
[EventCountry "GER"]
[SourceTitle "EXT 2018"]
[Source "ChessBase"]
[SourceDate "2017.10.13"]
[SourceVersion "1"]
[SourceVersionDate "2017.10.13"]
[SourceQuality "1"]

1. c4 g6 2. Nc3 Bg7 3. d4 d6 4. e4 a6 5. Be3 e6 6. f3 Ne7 7. Qd2 0-0 8. Nge2 b6 9. h4 e5 10. h5 f5 11. Bg5 Nbc6 12. hxg6 hxg6 13. Nd5 Qd7 14. Nxe7+ Nxe7 15. d5 Kf7 16. 0-0-0 b5 17. Kb1 Bb7 18. Nc1 Rh8 19. Be2 Rxh1 20. Rxh1 c5 21. Nb3 bxc4 22. Bxc4 Nc8 23. Qa5 Ne7 24. Rd1 fxe4 25. Bxe7 Kxe7 26. fxe4 Rc8 27. Rf1 Qg4 28. Qe1 Rh8 29. Na5 Qd7 30. Qg3 Rh6 31. Nxb7 Qxb7 32. Qg4 1-0

[Event "Hessen-ch Seniors op 11th"]
[White "Andersen, Knut"]
[Black "Schnaitmann, Herbert"]
[Site "Bad Sooden-Allendorf"]
[Round "7"]
[Result "1/2-1/2"]
[Date "2015.05.15"]
[WhiteElo "2133"]
[BlackElo "1995"]
[PlyCount "109"]
[EventDate "2015.05.09"]
[EventType "swiss"]
[EventRounds "9"]
[EventCountry "GER"]
[SourceTitle "EXT 2018"]
[Source "ChessBase"]
[SourceDate "2017.10.13"]
[SourceVersion "1"]
[SourceVersionDate "2017.10.13"]
[SourceQuality "1"]

1. d4 g6 2. g3 Bg7 3. Bg2 d6 4. e4 Nd7 5. Ne2 Rb8 6. 0-0 e6 7. Be3 a6 8. Qc1 Ne7 9. Bh6 0-0 10. Bxg7 Kxg7 11. c4 e5 12. Nbc3 f5 13. dxe5 Nxe5 14. Nd5 fxe4 15. Bxe4 Bh3 16. Nef4 Qd7 17. Nxh3 Qxh3 18. Bg2 Qd7 19. Nxe7 Qxe7 20. Qc3 Qf6 21. f4 Ng4 22. Qxf6+ Nxf6 23. Rfe1 Rfe8 24. Rxe8 Nxe8 25. Re1 Kf8 26. h4 Ng7 27. Kf2 b5 28. cxb5 Rxb5 29. b3 Rc5 30. Re2 Nf5 31. Be4 Ne7 32. b4 Rc3 33. Re3 Rc4 34. Bd3 Rxb4 35. Bxa6 Ra4 36. Be2 Rxa2 37. Rc3 c5 38. Kf3 Nf5 39. Bc4 Nd4+ 40. Ke4 Rc2 41. Rxc2 Nxc2 42. g4 h6 43. Be6 Ke7 44. Bc8 Nb4 45. f5 d5+ 46. Ke5 gxf5 47. Bxf5 d4 48. g5 hxg5 49. hxg5 Kf7 50. Kd6 d3 51. Kxc5 d2 52. Bg4 Nd3+ 53. Kd4 Nf2 54. Bh5+ Kg7 55. Ke3 1/2-1/2

[Event "Hessen-ch Seniors op 11th"]
[White "Schnaitmann, Herbert"]
[Black "Szenetra, Werner"]
[Site "Bad Sooden-Allendorf"]
[Round "2"]
[Result "0-1"]
[Date "2015.05.10"]
[WhiteElo "1995"]
[BlackElo "2201"]
[PlyCount "84"]
[EventDate "2015.05.09"]
[EventType "swiss"]
[EventRounds "9"]
[EventCountry "GER"]
[SourceTitle "EXT 2018"]
[Source "ChessBase"]
[SourceDate "2017.10.13"]
[SourceVersion "1"]
[SourceVersionDate "2017.10.13"]
[SourceQuality "1"]

1. Nc3 d6 2. g3 g6 3. Bg2 Bg7 4. d3 e5 5. f4 c6 6. e4 Nf6 7. fxe5 dxe5 8. Nf3 Bg4 9. 0-0 h6 10. Qe1 Be6 11. h3 g5 12. Kh2 Nbd7 13. Qe2 Qc7 14. Be3 g4 15. Nh4 gxh3 16. Bxh3 h5 17. Nf5 Ng4+ 18. Bxg4 hxg4+ 19. Kg2 Bf6 20. Qxg4 0-0-0 21. Rh1 Rhg8 22. Qf3 Bg5 23. Bxg5 Rxg5 24. Qe3 f6 25. Raf1 Kb8 26. Ne2 Bxf5 27. Rxf5 Rg7 28. Rfh5 Qd6 29. Rh8 Rgg8 30. Rxg8 Rxg8 31. Qf2 Qb4 32. Rh7 Rd8 33. Qf5 Kc8 34. Qe6 Qd2 35. Kf2 Qxc2 36. Qc4 Qxc4 37. dxc4 Nc5 38. Rf7 Rd3 39. Nc3 Rd2+ 40. Ke3 Rxb2 41. Rxf6 Rc2 42. Nd1 Rxc4 0-1

[Event "GER-chA Seniors 26th"]
[White "Schnaitmann, Herbert"]
[Black "Plewka, Manfred"]
[Site "Bad Neuenahr"]
[Round "9"]
[Result "1/2-1/2"]
[Date "2014.08.13"]
[WhiteElo "2009"]
[BlackElo "1952"]
[PlyCount "35"]
[EventDate "2014.08.05"]
[EventType "swiss"]
[EventRounds "9"]
[EventCountry "GER"]
[SourceTitle "EXT 2018"]
[Source "ChessBase"]
[SourceDate "2017.10.13"]
[SourceVersion "1"]
[SourceVersionDate "2017.10.13"]
[SourceQuality "1"]

1. Nc3 g6 2. g3 Bg7 3. Bg2 d6 4. d3 Nf6 5. f4 c5 6. Nf3 Nc6 7. 0-0 0-0 8. e4 Nd7 9. Kh1 Rb8 10. a4 a6 11. Be3 Nd4 12. Rb1 b5 13. axb5 axb5 14. Bxd4 cxd4 15. Ne2 e5 16. c3 dxc3 17. bxc3 Nc5 18. Qc2 1/2-1/2

[Event "GER-chA Seniors 26th"]
[White "Fleischer, Martin"]
[Black "Schnaitmann, Herbert"]
[Site "Bad Neuenahr"]
[Round "8"]
[Result "1-0"]
[Date "2014.08.12"]
[WhiteElo "1872"]
[BlackElo "2009"]
[PlyCount "121"]
[EventDate "2014.08.05"]
[EventType "swiss"]
[EventRounds "9"]
[EventCountry "GER"]
[SourceTitle "EXT 2018"]
[Source "ChessBase"]
[SourceDate "2017.10.13"]
[SourceVersion "1"]
[SourceVersionDate "2017.10.13"]
[SourceQuality "1"]

1. e4 Nc6 2. Nf3 Nf6 3. Nc3 d6 4. d4 g6 5. Bb5 a6 6. Bxc6+ bxc6 7. 0-0 Bg7 8. e5 Nd5 9. Nxd5 cxd5 10. Re1 0-0 11. c3 Bg4 12. exd6 cxd6 13. h3 Bxf3 14. Qxf3 e6 15. Bf4 Qb6 16. Qg3 Rfd8 17. a4 a5 18. h4 Rac8 19. Reb1 Rc6 20. h5 Qc7 21. hxg6 hxg6 22. Bg5 Rb8 23. Qf3 Rb3 24. Bf6 Rcb6 25. Bxg7 Kxg7 26. Qe2 Qb7 27. g3 Rxb2 28. Rxb2 Rxb2 29. Qd3 Qc6 30. Kg2 Rb3 31. Rc1 Qc4 32. Qd2 Qxa4 33. Rh1 e5 34. Qh6+ Kf6 35. Qh8+ Ke6 36. Qh3+ Ke7 37. Qh4+ Kd7 38. Qf6 Kc7 39. Rh7 Qe8 40. Rxf7+ Kc6 41. Re7 Qd8 42. dxe5 Kc5 43. e6 Rb8 44. Qd4+ Kc6 45. Qa4+ Kc5 46. Rd7 Qb6 47. Qd4+ Kc6 48. Qa4+ Qb5 49. Qxb5+ Kxb5 50. e7 Re8 51. Rxd6 Rxe7 52. Rxd5+ Kc4 53. Rxa5 Kxc3 54. Rd5 Kc4 55. Rd8 g5 56. f3 Rf7 57. g4 Re7 58. Kf2 Re6 59. Rg8 Re5 60. f4 gxf4 61. g5 1-0

[Event "GER-chA Seniors 26th"]
[White "Schnaitmann, Herbert"]
[Black "Sonnhalter, Walter"]
[Site "Bad Neuenahr"]
[Round "7"]
[Result "0-1"]
[Date "2014.08.11"]
[WhiteElo "2009"]
[BlackElo "2018"]
[PlyCount "90"]
[EventDate "2014.08.05"]
[EventType "swiss"]
[EventRounds "9"]
[EventCountry "GER"]
[SourceTitle "EXT 2018"]
[Source "ChessBase"]
[SourceDate "2017.10.13"]
[SourceVersion "1"]
[SourceVersionDate "2017.10.13"]
[SourceQuality "1"]

1. Nc3 g6 2. g3 c5 3. d3 Bg7 4. Bg2 Nc6 5. f4 d6 6. Nf3 Rb8 7. 0-0 b5 8. Ng5 Bd7 9. f5 gxf5 10. e4 h6 11. Nh3 Nd4 12. Nf4 Nf6 13. Ncd5 fxe4 14. dxe4 b4 15. Nxf6+ Bxf6 16. Nd5 Bg7 17. Qh5 Be6 18. Bh3 Bxd5 19. exd5 Bf6 20. c3 bxc3 21. bxc3 Nc2 22. Be6 Qa5 23. Rxf6 Qxc3 24. Rxf7 Kd8 25. Rxe7 Rb4 26. Rd7+ Kc8 27. Qf7 Kb8 28. Bf4 Qxa1+ 29. Kg2 Ne3+ 30. Bxe3 Rb2+ 31. Kh3 Qh1 32. Qf4 Qxh2+ 33. Kg4 Rb4 34. Rxd6 Qe2+ 35. Kh3 Rxf4 36. Bxf4 Qf1+ 37. Kh2 Qf2+ 38. Kh3 Qf1+ 39. Kh2 Qe2+ 40. Kh3 Qh5+ 41. Kg2 Qe2+ 42. Kh3 Kb7 43. a4 Rf8 44. Bd7 Rxf4 45. Bc6+ Kc8 0-1

[Event "GER-chA Seniors 26th"]
[White "Schnaitmann, Herbert"]
[Black "Stoeckmann, Helmut"]
[Site "Bad Neuenahr"]
[Round "4"]
[Result "1/2-1/2"]
[Date "2014.08.08"]
[WhiteElo "2009"]
[BlackElo "2127"]
[PlyCount "46"]
[EventDate "2014.08.05"]
[EventType "swiss"]
[EventRounds "9"]
[EventCountry "GER"]
[SourceTitle "EXT 2018"]
[Source "ChessBase"]
[SourceDate "2017.10.13"]
[SourceVersion "1"]
[SourceVersionDate "2017.10.13"]
[SourceQuality "1"]

1. Nc3 c5 2. Nf3 g6 3. d4 cxd4 4. Qxd4 Nf6 5. e4 Nc6 6. Qa4 d6 7. e5 dxe5 8. Nxe5 Bd7 9. Nxd7 Qxd7 10. Bb5 Bg7 11. 0-0 0-0 12. Bxc6 bxc6 13. Rd1 Qb7 14. Rb1 Rfd8 15. Rxd8+ Rxd8 16. Be3 Rd7 17. Qb3 Nd5 18. Nxd5 cxd5 19. Kf1 a6 20. Bc5 e6 21. Qxb7 Rxb7 22. b4 Bf8 23. Bxf8 Kxf8 1/2-1/2

[Event "MVP-ch Seniors op 13th"]
[White "Schnaitmann, Herbert"]
[Black "Kolkwitz, Klaus"]
[Site "Binz"]
[Round "9"]
[Result "1/2-1/2"]
[Date "2013.12.05"]
[WhiteElo "1816"]
[BlackElo "1713"]
[PlyCount "32"]
[EventDate "2013.11.27"]
[EventType "swiss"]
[EventRounds "9"]
[EventCountry "GER"]
[SourceTitle "EXT 2015"]
[Source "ChessBase"]
[SourceDate "2014.11.20"]
[SourceVersion "1"]
[SourceVersionDate "2014.11.20"]
[SourceQuality "1"]

1. Nc3 d6 2. d4 g6 3. b3 Nf6 4. Bb2 Bg7 5. e3 0-0 6. Bd3 Nc6 7. Nge2 e5 8. d5 Nb4 9. e4 Nxd3+ 10. Qxd3 Nd7 11. 0-0 Nc5 12. Qd2 f5 13. f3 f4 14. Kh1 Bd7 15. Rfd1 a5 16. a4 Qh4 1/2-1/2

[Event "Hessen-ch Seniors op 09th"]
[White "Schnaitmann, Herbert"]
[Black "Holscher, Peter AC"]
[Site "Bad Sooden-Allendorf"]
[Round "6"]
[Result "0-1"]
[Date "2013.04.25"]
[WhiteElo "2003"]
[BlackElo "2067"]
[PlyCount "116"]
[EventDate "2013.04.20"]
[EventType "swiss"]
[EventRounds "9"]
[EventCountry "GER"]
[SourceTitle "EXT 2019"]
[Source "ChessBase"]
[SourceDate "2018.10.10"]
[SourceVersion "1"]
[SourceVersionDate "2018.10.10"]
[SourceQuality "1"]

1. d4 f5 2. Nf3 Nf6 3. g3 g6 4. Bg2 Bg7 5. 0-0 0-0 6. c3 c6 7. Ne5 d5 8. Nd2 Nbd7 9. Nd3 Qe8 10. Nf3 Ne4 11. Bf4 Ndf6 12. Qc1 Bd7 13. Bh6 b6 14. Bxg7 Kxg7 15. Nfe5 Rc8 16. b4 Rc7 17. a4 Qc8 18. Qb2 Be6 19. Rfc1 Nd6 20. Qd2 h6 21. a5 Nb5 22. Nf4 Bf7 23. Nfd3 Ne4 24. Qb2 Ned6 25. Ra4 Nc4 26. Nxc4 dxc4 27. Ne5 Bd5 28. Qc2 Bxg2 29. Kxg2 Qe6 30. axb6 axb6 31. Ra6 Rb7 32. Qa2 Nd6 33. f3 Qd5 34. Ra7 Rfb8 35. Qa4 Rxa7 36. Qxa7 Rb7 37. Qa8 Qe6 38. Kf2 c5 39. bxc5 bxc5 40. Nc6 Rb2 41. Ne5 Nb5 42. Qa1 Rb3 43. e3 g5 44. Rc2 f4 45. gxf4 Qf5 46. Qc1 Na3 47. Rb2 Nb1 48. e4 Qxf4 49. Rxb1 Qxh2+ 50. Ke3 cxd4+ 51. Kxd4 Qa2 52. Ra1 Qf2+ 53. Kxc4 Rb7 54. Ra4 Qe2+ 55. Kd4 Rb6 56. Nc4 Rf6 57. Qd2 Rd6+ 58. Nxd6 Qxd2+ 0-1

[Event "Hessen-ch Seniors op 09th"]
[White "Jobski, Werner"]
[Black "Schnaitmann, Herbert"]
[Site "Bad Sooden-Allendorf"]
[Round "1"]
[Result "0-1"]
[Date "2013.04.20"]
[WhiteElo "1805"]
[BlackElo "2003"]
[PlyCount "46"]
[EventDate "2013.04.20"]
[EventType "swiss"]
[EventRounds "9"]
[EventCountry "GER"]
[SourceTitle "EXT 2019"]
[Source "ChessBase"]
[SourceDate "2018.10.10"]
[SourceVersion "1"]
[SourceVersionDate "2018.10.10"]
[SourceQuality "1"]

1. e4 c6 2. Nf3 d5 3. e5 Bf5 4. Nd4 Bg6 5. d3 e6 6. Be2 c5 7. Nf3 Ne7 8. d4 Nec6 9. c3 Nd7 10. 0-0 Be7 11. Be3 0-0 12. Nbd2 Qb6 13. Qb3 Qc7 14. Rad1 c4 15. Nxc4 dxc4 16. Qxc4 Bc2 17. Rd2 Nb6 18. Rxc2 Nxc4 19. Bxc4 Rfd8 20. Nd2 a6 21. Ne4 b5 22. Bd3 Nxe5 23. Bf4 Nf3+ 0-1

[Event "MVP-ch Seniors op 12th"]
[White "Manthey, Juergen"]
[Black "Schnaitmann, Herbert"]
[Site "Binz"]
[Round "6"]
[Result "1-0"]
[Date "2012.12.03"]
[WhiteElo "1919"]
[BlackElo "1819"]
[PlyCount "65"]
[EventDate "2012.11.28"]
[EventType "swiss"]
[EventRounds "9"]
[EventCountry "GER"]
[SourceTitle "EXT 2014"]
[Source "ChessBase"]
[SourceDate "2013.11.20"]
[SourceVersion "1"]
[SourceVersionDate "2013.11.20"]
[SourceQuality "1"]

1. c4 Nf6 2. Nc3 e6 3. e4 Nc6 4. Nf3 e5 5. d4 exd4 6. Nxd4 Bb4 7. Nxc6 Bxc3+ 8. bxc3 bxc6 9. Bd3 d5 10. exd5 cxd5 11. Qe2+ Kf8 12. Ba3+ Kg8 13. 0-0 Be6 14. Rad1 c6 15. cxd5 cxd5 16. Bc5 h5 17. h3 Qd7 18. f4 Re8 19. Qc2 Qc6 20. Bxa7 Ne4 21. Bd4 Bf5 22. Rb1 Qg6 23. Rf3 Kh7 24. a4 Rb8 25. Rb5 Qc6 26. Qb2 Rxb5 27. axb5 Qb7 28. b6 Rc8 29. Kh2 g6 30. Re3 Ra8 31. Qe2 Nd6 32. Re7 Bxd3 33. Qe5 1-0